=LDR 00000nam 2200000 4500 =001 INLIS000000000012756 =005 20130612104239 =008 ***********************************Ind** =035 ##$$0010-061300000012756 =041 ##$$a Ind =082 ##$$a 612.12 =090 ##$$a 612.12, Mur s =100 ##$$a Murlowo, R.M =245 ##$$a Sekitar Masalah serangan jantung =260 ##$$a 1984 $b Jakarta =300 ##$$a ix,, 84 hlm., 21 cm =650 ##$$a Jantung =850 ##$$a NBPNMAT